[Event "AUTO-OPEN-1336"]
[Site "http://www.queenalice.com/game.php?id=493118"]
[Date "2008.11.14"]
[Round "1"]
[White "I_BOSS_BO"]
[Black "cerebro_eb"]
[Result "0-1"]
[WhiteElo "1133"]
[BlackElo "933"]

1. e3 d5 2. c4 dxc4 3. Bxc4 e5 4. Qf3 f6 5. Qh5+ Kd7 6. Nc3 g6 7. Qg4+ f5 8. Qd1
Ke8 9. e4 Bc5 10. b4 Bxb4 0-1

[Event "AUTO-OPEN-1336"]
[Site "http://www.queenalice.com/game.php?id=493119"]
[Date "2008.11.14"]
[Round "1"]
[White "cerebro_eb"]
[Black "I_BOSS_BO"]
[Result "1-0"]
[WhiteElo "957"]
[BlackElo "1109"]

1. e4 e6 2. Qf3 Nh6 3. d4 Nc6 4. d5 Ne5 5. Qh5 Bb4+ 6. c3 g6 7. Qxh6 b6 8. Qg7
Nd3+ 9. Bxd3 Rf8 10. h4 Bc5 11. Bg5 1-0

[Event "AUTO-OPEN-1336"]
[Site "http://www.queenalice.com/game.php?id=493138"]
[Date "2008.11.14"]
[Round "1"]
[White "Vanchi"]
[Black "cerebro_eb"]
[Result "0-1"]
[WhiteElo "1360"]
[BlackElo "937"]

1. e4 d5 2. Nc3 dxe4 3. Nxe4 Qd4 4. Qf3 e5 5. Bb5+ c6 6. Bd3 Bc5 7. Ne2 Qd7 8.
Nxc5 Qe7 9. b4 Nf6 10. a3 e4 11. Nxe4 Nxe4 12. Bxe4 Qxe4 13. Qxe4+ Be6 14. O-O
O-O 15. Bb2 Re8 16. Nd4 Bd7 17. Qd3 Re5 18. Nf3 Re6 19. Ng5 a5 20. Qxh7+ Kf8 21.
Nxe6+ Bxe6 22. Qxg7+ Ke7 23. Rfe1 axb4 0-1

[Event "AUTO-OPEN-1336"]
[Site "http://www.queenalice.com/game.php?id=493139"]
[Date "2008.11.14"]
[Round "1"]
[White "cerebro_eb"]
[Black "Vanchi"]
[Result "0-1"]
[WhiteElo "931"]
[BlackElo "1393"]

1. e4 e5 2. Bc4 Nf6 3. Qf3 Nc6 4. c3 a6 5. d4 b5 6. Bb3 Bb7 7. Bg5 Be7 8. Bxf6
Bxf6 9. Qh5 O-O 10. Bc2 h6 11. Qf5 Re8 12. Qh7+ Kxh7 0-1

[Event "AUTO-OPEN-1336"]
[Site "http://www.queenalice.com/game.php?id=493148"]
[Date "2008.11.14"]
[Round "1"]
[White "chapichapo"]
[Black "cerebro_eb"]
[Result "1-0"]
[WhiteElo "1771"]
[BlackElo "931"]

1. e4 e5 2. Nf3 Nc6 3. a4 Bc5 4. Bb5 Nb4 5. Nxe5 Qf6 6. Nf3 Qb6 7. O-O Qg6 8.
Nc3 Bd6 9. e5 Bxe5 10. Nxe5 Qg5 11. Qe2 Nxc2 12. d4 Nxd4 13. Qe4 Nf6 14. Qxd4
Qf5 15. Re1 O-O 16. Be3 b6 17. Nd5 Bb7 18. Nf4 Qg5 19. Nd5 Nxd5 20. Bxg5 Rae8
21. Nxd7 Nf4 22. Bxf4 Bc8 23. Nxf8 Rxf8 24. Re8 Rxe8 25. Bxe8 1-0

[Event "AUTO-OPEN-1336"]
[Site "http://www.queenalice.com/game.php?id=493149"]
[Date "2008.11.14"]
[Round "1"]
[White "cerebro_eb"]
[Black "chapichapo"]
[Result "0-1"]
[WhiteElo "937"]
[BlackElo "1818"]

1. e4 e5 2. d4 exd4 3. Qxd4 Nc6 4. Qe3 b6 5. Bc4 Bc5 6. Qf3 Qf6 7. Qxf6 Nxf6 8.
Nc3 Nd4 9. Bd3 Bb7 10. Nb5 O-O 11. Nxd4 Bxd4 12. Ne2 Bc5 13. Bg5 Nxe4 14. Bxe4
Bxe4 15. O-O Bxc2 16. Rac1 Bd3 17. Rfe1 Bb4 18. Nc3 d5 19. Nxd5 Bxe1 20. Rxe1
Rfe8 21. Re3 Rxe3 22. fxe3 Bc4 23. Nxc7 Rc8 24. b3 Rxc7 25. bxc4 Rxc4 26. h4 f6
27. Bf4 Rc2 28. a3 Rc3 29. a4 Ra3 30. e4 Rxa4 31. Bb8 Rxe4 32. Bxa7 b5 33. Bc5
b4 34. Bxb4 Rxb4 35. g3 Rb2 36. g4 Kf7 37. Kf1 Ke6 38. Ke1 Ke5 39. Kd1 g5 40.
hxg5 fxg5 41. Kc1 Rh2 0-1

[Event "AUTO-BEG-265"]
[Site "http://www.queenalice.com/game.php?id=493301"]
[Date "2008.11.14"]
[Round "1"]
[White "matheusinho_7_7"]
[Black "cerebro_eb"]
[Result "0-1"]
[WhiteElo "764"]
[BlackElo "931"]

1. d4 d5 2. b4 e6 3. c3 b5 4. Na3 c6 5. Nxb5 cxb5 6. Be3 e5 7. dxe5 Nd7 8. Bxa7
Rxa7 9. e3 Nxe5 10. f4 Qh4+ 11. Ke2 Bg4+ 12. Kd2 Bxd1 13. fxe5 Bb3 14. Nf3 Qf2+
15. Be2 Bc4 16. Rhf1 Qxe2+ 17. Kc1 Qxf1+ 18. Ne1 Qxe1+ 19. Kc2 Rxa2+ 20. Rxa2
Bxa2 21. Kd3 Bxb4 22. cxb4 Qxb4 23. e4 dxe4+ 24. Ke2 Qb3 25. Kf1 Qb2 26. g4 Bc4+
27. Ke1 Qe2# 0-1

[Event "AUTO-BEG-265"]
[Site "http://www.queenalice.com/game.php?id=493321"]
[Date "2008.11.14"]
[Round "1"]
[White "cerebro_eb"]
[Black "smosbeck"]
[Result "0-1"]
[WhiteElo "1001"]
[BlackElo "1173"]

1. e4 g6 2. d4 Bg7 3. Bc4 Nf6 4. Qf3 g5 5. Bd3 d6 6. e5 dxe5 7. dxe5 Nd5 8. Bb5+
c6 9. Bc4 b5 10. Bd3 Bxe5 11. Bf5 e6 12. g4 exf5 13. gxf5 O-O 14. Qh5 f6 15. Nf3
Bxf5 16. Rg1 Bd4 17. Nxg5 Re8+ 18. Kd1 Bxf2 19. Nf7+ Bxg1 20. Nxd8 Rxd8 21. Nd2
Ne3+ 22. Ke1 Bg6 23. Qh6 Ng2+ 24. Kf1 Rd3 25. Kxg1 Re3 26. Kxg2 Nd7 27. Nf1 Re2+
28. Kf3 Rxc2 29. Bf4 Rxb2 30. Bc1 Ne5+ 31. Kf4 Rf2+ 32. Kg3 Rxf1 33. h4 Rd8 34.
Qe3 Rd3 0-1

[Event "AUTO-BEG-265"]
[Site "http://www.queenalice.com/game.php?id=493322"]
[Date "2008.11.14"]
[Round "1"]
[White "smosbeck"]
[Black "cerebro_eb"]
[Result "0-1"]
[WhiteElo "1128"]
[BlackElo "979"]

1. e4 d5 2. exd5 Qxd5 3. Nc3 Qe5+ 4. Be2 Qf6 5. d4 e5 6. dxe5 Qxe5 7. Nf3 Qf5 8.
O-O Bd6 9. Nd4 Qe5 10. f4 Qa5 11. Bd3 Qc5 12. Qe1+ Ne7 13. Be3 O-O 14. f5 Qe5
15. Ncb5 Qxh2+ 16. Kf2 Qg3+ 17. Ke2 Qxg2+ 18. Bf2 g6 19. f6 Bf4 20. fxe7 Bg4+
21. Nf3 Qxf3# 0-1

[Event "Challenge"]
[Site "http://www.queenalice.com/game.php?id=508456"]
[Date "2008.12.16"]
[Round "-"]
[White "cerebro_eb"]
[Black "geraldo"]
[Result "0-1"]
[WhiteElo "992"]
[BlackElo "1541"]

1. e4 e5 2. d4 Nc6 3. dxe5 Nxe5 4. f4 Nc6 5. Bc4 d6 6. Qh5 g6 7. Qd5 Be6 8. Qd3
Nb4 9. Qc3 d5 10. Qxb4 Bxb4+ 11. c3 Bc5 12. Ne2 dxc4 13. f5 gxf5 14. exf5 Bxf5
15. Rf1 Qh4+ 16. Ng3 O-O-O 17. Rxf5 Bd4 18. Rxf7 Bb6 19. Bf4 Re8+ 20. Kd2 Qd8+
21. Kc2 Bf2 22. Nd2 Ne7 23. Nxc4 Ref8 24. Ne5 Qe8 25. Rf1 Qa4+ 26. b3 Qa3 0-1

[Event "Challenge"]
[Site "http://www.queenalice.com/game.php?id=544267"]
[Date "2009.2.21"]
[Round "-"]
[White "nandobr"]
[Black "cerebro_eb"]
[Result "1-0"]
[WhiteElo "1336"]
[BlackElo "990"]

1. e4 e5 2. Qf3 Bc5 3. Bc4 Nh6 4. g4 O-O 5. Nh3 d6 6. g5 Ng4 7. Rg1 Nxh2 8. Qg3
Ng4 9. f3 Nf2 10. Nxf2 h6 11. gxh6 Kh7 12. Qxg7# 1-0

[Event "Challenge"]
[Site "http://www.queenalice.com/game.php?id=555639"]
[Date "2009.3.13"]
[Round "-"]
[White "nandobr"]
[Black "cerebro_eb"]
[Result "1-0"]
[WhiteElo "1353"]
[BlackElo "1023"]

1. d4 Nc6 2. e4 e5 3. dxe5 Nxe5 4. f4 Nc6 5. Nh3 Nf6 6. e5 Ne4 7. Bc4 Bb4+ 8.
Bd2 d5 9. Nf2 dxc4 10. Nxe4 Be7 11. Nbc3 Nd4 12. Nd5 Qxd5 13. Nc3 Qxg2 14. Rf1
Qxh2 15. Rf2 Qh4 16. Be3 Bg4 17. Qxd4 Qh1+ 18. Rf1 Bh4+ 19. Bf2 Qh2 20. Bxh4
Qxh4+ 21. Qf2 Qe7 22. Nd5 Qd7 23. Ne3 Bh5 24. Rh1 1-0